[Event "Moscow Tal Memorial 10th"]
[Site "Moscow"]
[Date "2016.09.30"]
[Round "4"]
[White "Model game 4: Svidler, Peter"]
[Black "Giri, Anish"]
[Result "0-1"]
[Annotator "Roiz,M / Kuljasevic,D"]
[BlackElo "2755"]
[EventCategory "21"]
[EventCountry "RUS"]
[EventDate "2016.09.26"]
[EventRounds "9"]
[EventType "tourn"]
[Source "ChessBase"]
[SourceDate "2016.11.10"]
[SourceQuality "1"]
[SourceTitle "CBM 175"]
[SourceVersion "1"]
[SourceVersionDate "2016.11.10"]
[WhiteElo "2745"]


{ [%evp 0,118,28,23,47,-3,-7,-5,19,9,8,0,4,19,26,27,26,26,26,18,28,25,22,8,9, -22,14,14,20,10,48,-2,-32,-81,-81,-81,-77,-75,-71,-71,-77,-94,-94,-94,-96,-113, -113,-113,-104,-113,-90,-90,-118,-107,-94,-94,-97,-88,-96,-108,-74,-122,-123, -129,-118,-118,-99,-95,-98,-104,-109,-109,-114,-111,-107,-143,-157,-184,-181, -181,-164,-181,-177,-208,-188,-169,-196,-260,-181,-191,-199,-197,-174,-198, -176,-166,-166,-241,-239,-279,-279,-272,-218,-334,-335,-504,-515,-515,-510, -732,-818,-818,-815,-857,-859,-1032,-1022,-1022,-1022,-1022,-1095] }
1.Nf3 c5 2.g3 Nc6 3.Bg2 g6 4.c4 Bg7 5.Nc3 d6 6.O-O e5 ( 6...e6
{ is another common continuation. } ) 7.a3 Nge7 8.d3 O-O 9.Rb1 a5 10.Bg5 ( 
{ The most popular line starts with } 10.Ne1 Be6 11.Nc2 d5 12.cxd5 Nxd5
13.Ne3 Nde7 14.Nc4
{ and leads to an interesting position à la reversed Marocy, where White's
active piece play compensates for a lack of space. } ) 10...f6 11.Bd2 { [#] }
11...Be6 12.Ne1 { The knight is headed to d5, so Black shouldn't hesitate. }
12...d5 13.cxd5 ( { In fact, the most promising continuation for White is }
13.Na4 $5 { [%csl Rc5] [%cal Gb2b4] } 13...b6 14.b4 $1 axb4 15.axb4 cxb4
16.Bxb4 Nxb4 17.Rxb4 { [%csl Rb6] } 17...Rb8
{ Both sides have completed their respective plans (b2-b4 for White and
...d6-d5 for Black) and we have a roughly balanced position. The b6-pawn is
slightly exposed and White can try to take advantage of it with } 18.Qb1
{ Among several reasonable responses, perhaps the most principled one for
Black is } 18...dxc4 19.dxc4 f5 $1 20.Nxb6 e4 $44
{ [%csl Ye6,Rg2,Yg7] -using the strength of his bishop pair. } ) 13...Nxd5
14.Qb3 $6
{ [%csl Rb7,Re6][%cal Rd5e3,Gf7f6] [#] This move should be the point of the whole Bg5-d2 maneuver, that is, provoking ...f7-f6. Now the bishop on e6 is undefended so Black cannot win an exchange with 14...Ne3 as he could if the pawn was still on f7. Both d5 and b7 are hanging. Nevertheless, Giri found a strong reply }
( { After } 14.Nc2 f5 15.Ne3 Nde7 $1
{ Black should be able to neutralise White's play on the queenside. } ( 
{ A less precise try is } 15...Nb6 16.b3 Rb8 17.Nc4 Nd7 18.Nb5 Ra8 19.e3 $14
{ Kramnik,V (2766)-Leko, P (2749) Monte Carlo 2007 } ) 16.Nc4 Rb8 17.Bg5 h6
18.Bxe7 Nxe7 19.Qa4 b6 $13 ) 14...Nc7 $1 15.Qb6 $146
{ This is the only way to justify White's previous move. However, the queen
is in big danger now. } ( 15.Qxb7 Nd4
{ [%csl Rb7,Re1][%cal Yc7a8] promises Black a strong compensation for the pawn. }
16.Nf3 Rb8 17.Qe4 Qd7 18.Qe3 Rfc8 $36
{ [%csl Rd2,Yd4,Re3] Despite the extra pawn, White's position seems unpleasant. }
) ( { In the event of } 15.Qd1 Rf7 $1 16.Na4 Bf8 $15 { [%csl Yc5] } )
15...Nd4 16.Nf3 $6 { Peter is inviting new troubles. } ( 
{ The lesser evil would be } 16.f4 f5 $1 ( 16...exf4 17.Bxb7 $1 ( 
{ The more natural } 17.Bxf4 $6 Nd5 18.Nxd5 Bxd5 19.Bxd5+ Qxd5 20.e4 Qd7
21.Qxc5 f5 $36 { leaves White under strong positional pressure } ) 17...Rb8
( 17...Nd5 18.Qxc5 Nb3 19.Qc6 Nxd2 20.Qxe6+ Kh8 21.Bxd5 Re8 22.Qh3 Nxb1
23.Bxa8 Nxc3 24.bxc3 Qxa8 25.Qg2 $13 ) 18.Bxf4 Rf7 19.e3 Ncb5 20.Qxd8+ Rxd8
21.Nxb5 Ne2+ 22.Kf2 Nxf4 23.Bc6 Nxd3+ 24.Nxd3 Rxd3 25.Rfd1 Rb3 26.Rd2 $11 )
17.fxe5 Bxe5 18.Qxc5 Bg7 $36
{ [%csl Rc5, Yd4,Ye6,Yg7] The vulnerable placement of the Qc5 yields Black a powerful initiative, but at least White is a pawn up. }
) 16...Ra6 $1 { Giri's strong tactical play is inspiring. } 17.Qxb7 Nxe2+ $1
{ [#] The big point. The knight cannot be taken because the queen would get
trapped, so Black gets his pawn back with interest. } 18.Kh1 ( 
{ Of course, not } 18.Nxe2 Bd5 { [%csl Rb7] and the queen is trapped }
19.Qxa6 Nxa6 $19 ) 18...Nxc3 19.bxc3 { [%csl Rd3] } 19...Bd5 ( 19...c4 $5
20.d4 Bd5 21.Qb2 Qa8 22.Ne1 exd4 23.cxd4 f5 $17 ) 20.Qb2 Qa8 21.Ne1 Rd6 $17
{ [%csl Rd3] Starting to put pressure on White's weaknesses. } 22.d4
{ Peter isn't prepared to sit and wait, but this move leads to the loss of
a pawn. } ( 22.Be3 Ne6 23.Bxd5 Qxd5+ 24.Kg1 f5 25.c4 Qa8 $17 ) 22...Rfd8 ( 
22...Bxg2+ 23.Nxg2 cxd4 24.cxd4 Rxd4 $17
{ would lead to the same character of play. } ) 23.Kg1 cxd4 24.cxd4 Bxg2
25.Nxg2 Rxd4
{ So, now Black is a pawn up, but White's pieces get some activity. } 26.Bc3
( 26.Be3 Rd3 27.Bb6 R8d7 $17 ) 26...R4d7 ( 26...Rd3 $5 ) 27.Ne3 Nd5 28.Nxd5
Rxd5 29.a4
{ Now the Pa5 is fixed, so Black's pieces are tied to protecting it. On the
other hand, White's king is still in danger. } 29...h5 $1
{ Exploiting the main drawback of his opponent's position. } 30.h4 ( 30.Qb3
$5 { deserved to be considered: } 30...Kh7 31.Rfd1 Rc5 32.Rxd8 Qxd8 33.Be1
$17 ) 30...Qc6 31.Qb3 ( { It makes sense to swap the queenside pawns: }
31.Rbc1 $5 Qxa4 32.Ra1 Qg4 33.Rxa5 Rd3 34.Ra7 $17 ) 31...Kh7 32.Rfc1
{ Now, when the last piece has moved from the kingside, the advance of
Black's pawns is becoming dangerous. } 32...Qd7 ( 32...Rd3 $1
{ was stronger: } 33.Qb5 Qf3 34.Be1 e4 $19
{ and Black's pieces are dominating over the board. } ) 33.Be1 e4 34.Qb7
{ A temporary pawn sacrifice. } 34...Qxa4 35.Ra1 Qe8 36.Rc7 R5d7 37.Rxd7 $2
{ Alas, Peter chooses the wrong way of regaining the pawn. } ( 
{ The correct } 37.Rxa5 Rxc7 38.Qxc7 Rd1 39.Kf1 $17
{ would offer him definite drawing chances. } ) 37...Rxd7 38.Qb3 ( 
{ The most stubborn was } 38.Qb5 { , but after } 38...e3 $1 39.Rxa5 exf2+
40.Kxf2 f5 41.Kf1 Qf7 { Black would slowly develop a decisive attack. } )
38...Rd3 39.Qc4 Qd7 $6
{ A loss of tempo. This inaccuracy makes Black's task tougher. } ( 
{ Anish had to play } 39...f5 $1 40.Rxa5 Rd1 41.Qb4 e3 42.Ra7 Kh8 43.Kh2 exf2
44.Bxf2 Qc6 45.Bg1 Qc2+ 46.Kh3 Qd3 $19 ) 40.Rxa5 f5 41.Kg2 Rd1 42.Qe2 Rb1
43.Rc5 $2 ( { The only way to put-up resistance was } 43.Ra3 Qe7 44.Re3 Qb7
45.Qc4 Rd1 46.Qb4 $17 { , and it's not easy to make further progress. } )
43...Qb7 $2 ( 43...e3 $1 { was winning on the spot: } 44.fxe3 Qe7 45.Rb5 Qe4+
46.Kh2 Rc1 $19 ) 44.Kh2 f4 45.gxf4 Qe7 46.Rc4 Qxh4+ 47.Kg2 Qxf4 48.Qxe4 Qg5+
49.Kf3 $2
{ It is only after this mistake that the result of the game becomes
predictable. } ( { Had Peter played } 49.Kf1 $1 Ra1 ( 49...Qb5 50.Qd3 Be5
51.Kg2 $17 ) 50.Qd3 Qb5 51.Rd4 $17
{ the limited material balance would still offer drawing chances. } )
49...Rb5 $1 50.Qd3 Qg1 $19 { Now the monarch is helpless. } 51.Re4 Rb2 52.Qc4
( 52.Rh4 { offered no hope either: } 52...Qxe1 53.Rxh5+ Kg8 54.Qc4+ Kf8
55.Qf4+ Ke8 56.Qa4+ Kf7 57.Qf4+ Bf6 58.Rh7+ Kg8 $19 ) 52...Qh1+ 53.Kg3 Rb1
54.Qe2 Qg1+ 55.Kh3 Rb3+ 56.f3 g5 57.Bf2 g4+ 58.Kh4 Qh2+ 59.Kg5 Rxf3
{ Impressive positional play by GM Anish Giri! } 0-1

[Event "London Classic 11th"]
[Site "London"]
[Date "2019.12.07"]
[Round "2.2"]
[White "Model game 5: Ding, Liren"]
[Black "Vachier Lagrave, Maxime"]
[Result "1-0"]
[Annotator "Edouard,Romain / Kuljasevic,D"]
[BlackElo "2780"]
[EventCountry "ENG"]
[EventDate "2019.12.02"]
[EventRounds "2"]
[EventType "k.o."]
[Source "ChessBase"]
[SourceDate "2020.01.27"]
[SourceQuality "1"]
[SourceTitle "CBM 194"]
[SourceVersion "1"]
[SourceVersionDate "2020.01.27"]
[WhiteElo "2801"]


{ [%evp 0,99,26,-11,24,6,5,6,6,6,1,7,28,29,29,22,31,22,40,22,22,15,23,27,25,26, 33,31,31,33,24,5,17,-8,27,32,27,30,26,-18,0,-27,-27,-4,15,8,-3,-9,25,8,19,13, 43,35,59,78,93,33,85,70,81,33,28,33,38,18,38,35,53,48,57,52,52,62,77,67,74,43, 39,43,43,43,119,92,160,172,185,190,218,326,374,374,374,367,396,405,759,759, 29979,29980,29981,29982] }
1.c4 c5 2.g3 g6 3.Bg2 Bg7 4.Nc3 Nc6 5.Nf3 e5 6.O-O Nge7 7.d3 d6 8.a3 a5 9.Rb1
O-O 10.b3 $5
{ [%cal Gc1b2,Gf2f4] [#] An interesting try. The bishop will look awkward on b2, but will prove useful when White plays f4, or to target some weaknesses on the queenside as in the game. In the center, White's plan is to deny his opponent the opportunity to break with ...d6-d5. }
10...Rb8 ( 10...h6 { [%cal Gc8e6] } 11.Nd2 Be6 12.Nd5 Rb8 13.Bb2 b5 $13
{ transposes to the game anyway. } ) 11.Bb2 h6 12.Nd2 Be6 ( 12...Bg4 $5 $146
{ might be a reasonable try, pushing White to play h3, while the h3-pawn
will shortly become a target for Black. } ) 13.Nd5 b5 14.e3
{ [%csl Yd5] [%cal Gf2f4,Rc6d4] [#] White has achieved his goal in the center. His structure is more flexible and he is ready to meet ....f5 with f4, when his bishop proves to be placed well on b2. Black managed to gain some space on the queenside by pushing ...b7-b5, although this is not a big problem for White since his c4-pawn is fortified with b3 and d3-pawns. }
14...Qd7
{ [%csl Rg1][%cal Ge6h3] Black prepares the generally useful exchange of the light-squared bishops. }
15.Re1
{ [%cal Ge6h3,Gg2h1] The most logical move: White wants to keep the light-squared bishops alive. }
( 15.Qc2 $5 { makes sense anyway, as it seems that } 15...Bh3
{ doesn't work: } ( 15...Kh7 16.f4 $13 ) 16.Ne4 $1 { [%csl Yf6] } 16...Nxd5
17.Bxh3 Qxh3 18.cxd5 Ne7 19.Nxd6 Nxd5 ( 19...Rfd8 20.Ne4 Nxd5 21.Qe2 $14 )
20.Qxc5 Nf6 ( 20...Qe6 21.Rfc1 $14 ) 21.Qxe5 Rfd8 22.Ne4 $16
{ ½-½ (61) Ibrahimov, R (2518)-Tregubov,P (2575) Riyadh 2017 } ) 15...Bg4 ( 
15...f5 16.f4 $13
{ [%csl Yb2,Re5] and suddenly we see what the white bishop is doing on b2! }
) 16.Qc2 Rfc8 $6 { A serious positional mistake. } ( 16...b4 $5
{ was a better try, looking for counterplay on the queenside. } 17.Ra1
{ [%cal Ga1a8] } ( 17.axb4 Nxd5 18.cxd5 Nxb4 $132 ) 17...Bh3 $5 18.Bh1 ( 
18.Bxh3 Qxh3 19.Nxe7+ Nxe7 20.axb4 axb4 21.d4 exd4 22.exd4 Nc6 $11 )
18...bxa3 19.Bxa3 ( 19.Rxa3 Nxd5 20.cxd5 Nb4 $132 ) 19...f5
{ [%csl Ra5,Rb3][%cal Gh6h5,Gh5h4] } 20.Nxe7+ Nxe7 21.Bb2 Nc6 $13 ) ( 
16...Be6
{ has been played in one game (though it actually came from 15...Bf5
16.Qc2). It is quite interesting to wait and see what White is doing, but
it remains a bit worse for Black: } 17.f4 f5 $6 18.Nxe7+ Nxe7 19.cxb5 Qxb5
20.Bc3 $1 Nd5 21.Ba1 Nb6 ( 21...Ne7 22.Nc4 $16 ) 22.fxe5 dxe5 23.a4 Qd7
24.Qxc5 Qxd3 25.Qxa5 Rfe8 26.Rbc1 $16
{ 1-0 (39) Lagarde,M (2655) -Saduakassova, D (2505) Sitges 2019 } ) 17.Ne4 $1
{ [%cal Ge4f6] Black's reply is forced: } 17...Nxd5 18.cxd5 Ne7 19.Nd2 $1 $16
{ [%csl Ra5][%cal Ga3a4,Yd2c4] [#] The point behind White's 17th move. White will push a3-a4 next and secure access to a wonderful c4-outpost for his knight. Moreoever, Black's a-pawn will become a serious long-term weakness as a result. }
19...Bh3 20.Bh1 ( 20.e4 $5 $16
{ is also a typical move when Black goes for a light-squared bishops
exchange. But Ding's move makes Black's position even tougher to play. }
20...Bxg2 21.Kxg2 f5 22.a4 Rf8 23.axb5 Rxb5 24.Bc3 f4 25.Qd1 $16 ) 20...Nf5
21.a4 $1 h5 22.axb5 Rxb5 23.Ra1 h4 24.Bc3 { [%csl Ra5][%cal Gd2c4] } 24...Ra8
25.Ra4 Qd8 26.Bf3 Rab8 27.Rea1 $5 Bh6 28.Re1
{ White got afraid of ...Nxe3 (for good reason) - the problem for Black is
that the two tempi lost by White do not change the position! } ( 28.Rxa5 hxg3
$5 ( 28...Nxe3 $6 29.fxe3 Bxe3+ 30.Kh1 Rxa5 31.Bxa5 Qf6 32.Qd1 hxg3 33.Ne4 ( 
33.hxg3 $2 Qh8 $1 $19 ) 33...Qh4 34.Nxg3 $16 ) 29.hxg3 Rxa5 30.Bxa5 Nxe3
31.fxe3 Bxe3+ 32.Kh2 Qf6 33.Kxh3 Bxd2 34.Qd1 ( 34.Kg2 e4 35.dxe4 Qxa1 36.Bxd2
c4 $1 37.Qxc4 Qa2 $13 ) 34...Ra8 35.Bc3 $1 ( 35.Bxd2 Rxa1 36.Qxa1 Qxf3 $11 )
35...Qf5+ 36.Kg2 Rxa1 37.Bxa1 Qxd3
{ and Black has drawing chances. Amazing stuff! } ) ( 28.Qc1 $5
{ may have been a great move, with the idea } 28...hxg3 ( 28...Nxe3 $2
29.Rxh4 $1 $18 ) 29.hxg3 Nxe3 30.Rh4 $1 $18 ) 28...Qg5 $6 ( 28...Bg7
{ might actually be the best move - to keep ...e3 ideas when White goes Qd1
with the idea of Qe2. } ) 29.Ne4 Qd8 30.Ra3 $5 Ne7 31.Nd2 Nf5 32.Qd1 $1 Bg7
33.g4 $1 { It's time. } 33...Nh6 34.Kh1 f5 35.gxf5 gxf5 36.Rg1
{ The way Ding has organized is piece is just a delight. } 36...Qd7 ( 
36...Ng4 37.Qe2 $16 ) 37.Qe2 Kh8 38.Ra4 $5 ( 38.e4 $5 ) 38...Rxb3 39.Rxh4
Rxc3 40.Rxh3
{ It looks like Black has counterplay on the queenside, but he's too slow!
} 40...a4 ( 40...Rc2 41.Qd1 Rbb2 42.Nc4 Ra2 43.Rg6 Kh7 44.Qg1 Rxf2 45.Rxd6
$18 ) 41.e4 $1 { Calm and powerful. } 41...Rc2 ( 41...a3 42.exf5 Qxf5 43.Rhg3
Qxd3 44.Rxg7 Qxe2 45.Bxe2 Rc1 46.Ra7 $18 ) ( 41...Rb2 42.Qf1 $3 Rxd2 ( 
42...Qf7 43.Nc4 $18 ) 43.Qg2 Qf7 44.Qg5 $18 ) 42.Rh5 $5 ( 42.exf5 $5 Qxf5
43.Rhg3 Rbb2 44.Rxg7 Rxd2 45.Qe3 Qf4 46.Qxf4 exf4 47.Be4 $18 ) 42...f4 43.Qd1
Rbb2 44.Nc4 a3 45.Bg4 Qd8 46.Nxb2 Rxb2 47.Be6 a2 48.Rxg7 $1 Kxg7 ( 48...Rb1
49.Rg1 $3 Rxd1 50.Rxh6# ) 49.Qg1+ Kf8 50.Rf5+
{ Just a superb game from Ding Liren! } 1-0